Vista normal
Vista MARC
Entrada Materia (personas)
Número de registros utilizados en: 1
001 - CONTROL NUMBER
- control field: 75335
003 - CONTROL NUMBER IDENTIFIER
- control field: Co-BoUCM
005 - DATE AND TIME OF LATEST TRANSACTION
- control field: 20160208112444.0
008 - FIXED-LENGTH DATA ELEMENTS
- fixed length control field: 160208|| aca||aabn | a|a d
040 ## - CATALOGING SOURCE
- Original cataloging agency: Co-BoUCM
- Transcribing agency: Co-BoUCM
100 ## - HEADING--PERSONAL NAME
- Personal name: Roseberry-McKibbin, Celeste
670 ## - SOURCE DATA FOUND
- Source citation: Work cat.: (Co-BoUCM)72520: Roseberry-McKibbin, Celeste, Assessment of bilingual learners language difference or disorder?, 2003